[Event "129th New Zealand Championship 2022"]
[Site "Christchurch"]
[Date "2022.01.05"]
[Round "4.1"]
[White "Dive, Russell John"]
[Black "Gong, Daniel Hanwen"]
[Result "0-1"]
[WhiteElo "2265"]
[BlackElo "2269"]
[Annotator "TA"]
[PlyCount "152"]
[EventDate "2022.01.02"]
[EventType "swiss"]
[EventCountry "NZL"]

{[%evp 17,152,36,46,39,40,17,24,2,8,11,5,7,8,0,0,0,0,0,0,-1,0,0,0,7,6,12,11,10,38,12,16,13,12,12,135,118,117,119,118,102,142,138,130,0,0,0,720,160,223,0,0,0,0,-72,-72,-72,-72,-72,-72,-72,-72,-72,-72,-72,-72,-72,-72,-72,-72,-72,-72,-72,-72,-72,-72,-72,-72,-72,-72,-72,-72,-72,-72,-72,-72,-72,-72,-72,-72,-72,-72,-72,-72,-72,0,-72,-72,-72,-72,-72,-72,-72,-64,-592,-592,-592,-592,-588,-588,-588,-588,-584,-584,-766,-561,-554,-554,-29962,-29964,-29966,-29968,-29967,-29969,-29969,-29970,-29970,-29971,-29974,-29975,-29974,-29974,-29978,-29979,-29984,-29985,-29985,-29986]} 1. Nf3 Nf6 2. c4 c6 3. d4 d6 4. Nc3 Nbd7 5. e4 e5 6. Be2 Be7 7. O-O O-O 8. Rb1 a6 9. b4 b5 10. Qc2 {A55: Old Indian Defence with Nf3 and e4.} Qc7 11. dxe5 {[#]} Nxe5 $146 ({Predecessor:} 11... dxe5 12. c5 a5 13. a3 Rd8 14. Nh4 Nf8 15. Nf5 Ne6 16. f4 Nxf4 17. Nxe7+ Qxe7 18. Bxf4 exf4 19. Rxf4 axb4 20. axb4 {0-1 (27) Schlueter,C-Sygulski,B (2335) Ruhrgebiet 1997}) 12. Nxe5 {White has an edge.} (12. cxb5 {feels hotter.} cxb5 13. Be3 Be6 14. Rbc1 Rfc8 15. Rfd1) 12... dxe5 13. Be3 Be6 14. Rfc1 Rfc8 (14... Bxc4 15. Bxc4 bxc4 16. Na4 $16) 15. Qd1 {[%cal Rc4b5]} bxc4 16. Qf1 c5 17. b5 axb5 18. Rxb5 Ne8 19. Rcb1 (19. Bxc4 $2 Bxc4 20. Qxc4 Nd6 $19) 19... Nd6 20. Rxc5 Qd8 21. a4 {[%cal Ba2a4,Ba4a5,Ba5a6][%mdl 32]} (21. Rxe5 Bf6 22. Bf4 (22. Bb6 Qd7 $17) 22... Bxe5 23. Bxe5 Nxe4 $1 24. Nxe4 Qd5 $17) 21... Rxc5 22. Bxc5 Qc8 23. Bb6 Bd8 24. Qd1 Qc6 {[%csl LRb6,LRe4]} 25. a5 Nb7 (25... Nxe4 $2 26. Bf3 Bxb6 27. Bxe4 (27. axb6 f5 $16) 27... Bxf2+ 28. Kh1 $18) (25... g6 $11) 26. Nd5 $1 $16 Bxd5 27. exd5 (27. Qxd5 $6 Qxd5 28. exd5 Nxa5 29. Bxa5 Rxa5 $11) 27... Qd7 28. Bxd8 $1 Rxd8 29. a6 ({Don't play} 29. Bxc4 $6 Nxa5 30. Bf1 Nb7 $11) 29... Nd6 30. Qd2 (30. Qc1 $16) 30... Qa4 $1 $11 31. Rb6 Ne4 $2 {[%mdl 8192]} (31... Nc8 $11 32. Rb8 Qxa6) 32. Qe3 $2 (32. Qb4 $1 $18 {[%cal Rb4a4]} Qa1+ 33. Qb1 Qxb1+ 34. Rxb1) 32... c3 $16 33. Rc6 $2 (33. Bf1 $18) 33... Qa1+ $11 34. Bf1 Nd2 {[%csl Gd2][%cal Ra1f1]} 35. Qe2 (35. Qd3 $1 $11) 35... g6 {Black is much more active.} 36. d6 Nxf1 37. Qxf1 $17 {[%mdl 4096] Endgame KQR-KQR} Qa4 38. Rxc3 {Black must now prevent Rc1.} Rxd6 39. Rc1 {Inhibits Rd1. Threatens to win with Ra1.} Qxa6 40. Qxa6 Rxa6 {KR-KR} 41. h4 Kg7 42. g3 Kf6 43. Rc7 h5 44. Kg2 Ke6 45. Kf3 f6 46. Rc4 Ra3+ 47. Ke2 Kf5 48. Rb4 Ra5 49. Kf3 Ra1 50. Rc4 Re1 51. Rc5 Rd1 52. Ke2 Rd4 53. Ke3 Ra4 54. Rc3 Ra6 {Strongly threatening ...Kg4.} 55. Rc4 Ke6 (55... Rd6 $17) 56. Rc3 (56. Kf3 $1 $11 {keeps the balance.}) 56... Rb6 57. Ra3 Kf5 58. Ra4 Rb3+ 59. Ke2 e4 60. Ra5+ $2 {[%mdl 8192]} (60. Ra6 $15) 60... Kg4 $19 61. Ra6 {[#]} Rf3 $1 62. Re6 {[#]} Kh3 $1 {...Kg2 is the strong threat.} ({And not} 62... Kf5 63. Re7 $17) 63. Rxe4 Kg2 64. g4 Rxf2+ 65. Ke1 Kg3 66. gxh5 gxh5 {[%cal Bg6h5,Bh5h4,Bh4h3,Bh3h2][%mdl 32] ( -> ...Rf4)} 67. Re8 Rf5 {Black mates.} 68. Rg8+ Kxh4 69. Rg6 Kh3 70. Ke2 h4 71. Ke3 Kh2 72. Ke2 h3 73. Ke3 Kh1 74. Ke2 h2 75. Ke1 Rg5 76. Rxf6 Kg2 {Never resign too early!  Weighted Error Value: White=0.43/Black=0.07 (flawless)} 0-1

[Event "129th New Zealand Championship 2022"]
[Site "Christchurch"]
[Date "2022.01.05"]
[Round "4.2"]
[White "Ker, Anthony F"]
[Black "Milligan, Helen"]
[Result "1/2-1/2"]
[WhiteElo "2303"]
[BlackElo "1956"]
[Annotator "TA"]
[PlyCount "109"]
[EventDate "2022.01.02"]
[EventType "swiss"]
[EventCountry "NZL"]

{[%evp 22,109,0,-2,12,-13,-6,-14,-4,0,0,0,0,0,0,0,-6,0,14,-14,0,-2,13,8,11,18,16,0,0,0,0,0,0,0,8,-7,0,0,0,-39,-28,-32,0,0,0,0,0,0,0,0,32,19,7,0,9,0,0,0,0,0,0,-5,0,0,0,0,0,0,0,0,0,0,0,0,0,0,0,0,0,0,0,0,0,0,0,0,0,-28000,-28000,-28000]} 1. e4 e5 2. Nf3 Nc6 3. d4 exd4 4. Bc4 Nf6 5. e5 d5 6. Bb5 Ne4 7. Nxd4 Bd7 8. Bxc6 bxc6 9. O-O Bc5 10. f3 {[%cal Bf2f3,Bf3f4][%mdl 32]} Ng5 11. f4 Ne4 12. Be3 Bb6 $1 {The main line 12...Bb6 scores better than 12...0-0. C56: Two Knights: 4 d4 exd4 5 0-0 Nxe4.} 13. Nc3 Nxc3 14. bxc3 Qe7 {The position is equal.} 15. Qf3 O-O 16. a4 a5 17. Rfe1 Rfe8 {[#]} 18. Nb3 $146 ({Predecessor:} 18. Bf2 Bxd4 19. cxd4 Bf5 20. c4 Qe6 21. cxd5 cxd5 22. Rec1 Be4 23. Qc3 Reb8 24. Ra2 {½-½ (58) Marjusaari,E (2072)-Ebeling,M (2225) Jyvaskyla 2016}) 18... Bf5 19. Qf2 Rab8 20. Re2 Qd7 21. Bc5 Be4 22. Rd1 {[%cal Oe2e4] [#] Strongly threatening Rxe4!} Qc8 23. h3 Qa6 24. Rd4 {Inhibits Qc4.} Qa7 25. Rdd2 Qa6 26. Qd4 h6 27. Kh2 {[%cal Oc3c4]} Qc8 28. Rf2 Qe6 29. Qe3 f5 30. exf6 Qxf6 {[%cal Oe4c2] [#] ...Bxc2! is the strong threat.} 31. Qg3 {[%cal Of4f5]} Qf7 32. Bd4 {[%cal Of4f5]} Bf5 33. Rfe2 Re4 34. Rxe4 Bxe4 35. Rf2 Bxd4 36. cxd4 {[%cal Of4f5]} Rb4 37. Nxa5 {[%cal Bb3a5,Ba5c6,Bc6e5][%mdl 32]} Rxa4 38. Nxc6 Qe6 39. Ne5 {[%cal Of4f5]} Rxd4 40. c3 Rd1 41. Rb2 Rb1 42. Rxb1 Bxb1 43. Qe1 Qf5 44. Qd2 Be4 45. g4 Qf6 46. Kg3 g5 47. Qe3 Kg7 48. c4 c5 49. cxd5 gxf4+ 50. Qxf4 Qxf4+ 51. Kxf4 Bxd5 $11 {KB-KN} 52. h4 Be6 53. g5 hxg5+ $2 {[%mdl 8192]} (53... c4 $11) 54. hxg5 c4 55. Nxc4 {[%mdl 32768] Weighted Error Value: White=0.04 (flawless) /Black=0.04 (flawless) . An unexpected result.} 1/2-1/2

[Event "129th New Zealand Championship 2022"]
[Site "Christchurch"]
[Date "2022.01.05"]
[Round "4.3"]
[White "Croad, Nicolas"]
[Black "Sole, Michael D"]
[Result "1/2-1/2"]
[WhiteElo "2289"]
[BlackElo "1815"]
[Annotator "TA"]
[PlyCount "73"]
[EventDate "2022.01.02"]
[EventType "swiss"]
[EventCountry "NZL"]

{[%evp 15,73,-21,-19,-35,-18,-15,0,0,24,25,26,22,12,0,0,12,22,15,27,19,33,10,14,-8,-13,-25,-33,-212,-37,-246,-249,-243,-250,-232,-227,-223,-220,-218,-127,-133,0,0,0,0,0,0,0,0,0,0,0,0,0,0,0,0,0,0,0,0]} 1. d4 Nf6 2. c4 e6 3. Nc3 Bb4 4. Qc2 c5 5. dxc5 O-O 6. Nf3 Na6 7. a3 Bxc3+ 8. Qxc3 Nxc5 ({Much less strong is} 8... Ne4 9. Qc2 Qa5+ 10. Nd2 (10. b4 $2 Nxb4 11. axb4 Qxa1 $19) 10... Nxd2 11. Bxd2 Qxc5 12. b4 $16) 9. Qc2 {E39: Nimzo-Indian: Classical: 4...c5 5 dxc5 0-0.} a5 10. Bf4 {[#]} d5 $146 ({Predecessor:} 10... Nfe4 11. Rd1 a4 12. Nd2 d5 13. Nxe4 Nxe4 14. cxd5 exd5 15. f3 Qa5+ 16. Bd2 Nxd2 17. Qxd2 {1-0 (42) Sanchez Corujo,J (2275)-Mompo Ballester,V (2215) Aragon 1996}) 11. cxd5 Nxd5 {Pair of Knights!} 12. Bg5 f6 13. Qxc5 {[#] aiming for Bd2.} fxg5 14. h3 Bd7 15. e3 Rc8 16. Qd4 Qf6 17. Bd3 Bc6 18. Qe4 h6 19. Qe5 Rfd8 {[%cal Od5f4]} 20. Qxf6 (20. O-O {is interesting.} Nf4 21. exf4 Rxd3 22. fxg5 hxg5 23. Rae1) 20... gxf6 21. Rd1 $2 (21. Be2 $15) 21... Nb6 $2 (21... Ba4 $19 22. Ke2 Bxd1+ 23. Rxd1 f5) 22. h4 $2 (22. O-O $15) 22... Ba4 $19 23. Ke2 Bxd1+ 24. Rxd1 Kf7 25. hxg5 hxg5 26. Nd4 Nc4 ({Black should try} 26... g4 $19 {Strongly threatening ...f5.} 27. Rh1 Rh8) 27. Rh1 $17 {[#]} Nxb2 (27... Ne5 $1 $17 {[%cal Re5d3]} 28. Rh7+ Kg8) 28. Rh7+ $1 $11 {The position is equal.} Kg8 29. Bg6 Rd6 30. Rxb7 Nc4 31. Nxe6 Nxa3 32. Bf5 {[%cal Oe6g5]} Re8 33. Rg7+ Kh8 34. Rh7+ Kg8 35. Rg7+ Kh8 36. Rh7+ Kg8 37. Rg7+ {And White is the lucky defender.  Weighted Error Value: White=0.29 (precise) /Black=0.27 (precise)} 1/2-1/2

[Event "129th New Zealand Championship 2022"]
[Site "Christchurch"]
[Date "2022.01.05"]
[Round "4.4"]
[White "Langford, Josh"]
[Black "Lukey, Stephen G"]
[Result "0-1"]
[WhiteElo "1637"]
[BlackElo "2162"]
[Annotator "TA"]
[PlyCount "84"]
[EventDate "2022.01.02"]
[EventType "swiss"]
[EventCountry "NZL"]

{[%evp 23,84,14,10,0,39,0,0,0,18,-22,55,27,26,14,36,35,39,42,59,59,60,46,82,86,71,83,61,-25,-12,-20,29,16,207,216,207,202,297,271,274,267,466,457,453,462,456,429,472,368,414,200,203,-452,-463,-501,-442,-1486,-14,-1377,-1348,-2781,-2640,-1616,-1589]} 1. e4 c5 2. Nf3 {[%cal Bg1f3,Bf3d4,Bd4b5,Bb5a3,Ba3c2][%mdl 32]} Nc6 3. d4 cxd4 4. Nxd4 Nf6 5. Nc3 e5 6. Ndb5 d6 7. Bg5 a6 8. Na3 b5 9. Nd5 Be7 10. Bxf6 Bxf6 11. c4 b4 12. Nc2 a5 13. g3 {B33: Sicilian: Pelikan and Sveshnikov Variations.} Be6 14. h4 O-O 15. Bg2 {The position is equal.} Rc8 16. b3 Rb8 ({Black should play} 16... Bxd5 $11 17. exd5 Nd4) 17. O-O Be7 18. Qd3 Qd7 19. Rad1 Rbd8 20. Kh2 {[#]} g6 $146 ({Predecessor:} 20... f5 21. exf5 Bxf5 22. Be4 Bxe4 23. Qxe4 Rf7 24. Kg2 Rdf8 25. c5 Qa7 26. Nb6 Qb7 {1-0 (36) Baterdene,T (2318)-Liu,J (1418) Harbin 2018}) 21. Qe3 Kh8 22. Qh6 f5 23. h5 Rf7 {[%cal Of5f4]} 24. hxg6 Rg7 25. Rh1 ({White should try} 25. exf5 $14 Bxf5 26. Nce3 (26. Nxe7 Qxe7 27. Ne3 Rxg6 $14) 26... Rxg6 27. Qh5) 25... Rxg6 $11 26. Qh5 Bg5 (26... f4 {might be stronger.} 27. Kg1 Rg7) 27. Kg1 Rdg8 (27... Rg7 $1 $11) 28. exf5 $40 {[%mdl 128] White goes for the king.} Bxf5 29. Nce3 Rh6 (29... Be6 {might work better.}) 30. Qf3 Rxh1+ 31. Bxh1 Rf8 (31... Be6 32. Nf6 Nd4 33. Rxd4 (33. Nxd7 Nxf3+ 34. Bxf3 Bxd7 $18) 33... Qd8) 32. Nb6 {[%csl LRc6,LRd7] Pair of Knights!} Qd8 {Strongly threatening ...Nd4.} 33. Qxc6 (33. Nxf5 Nd4 34. Rxd4 exd4 $18) 33... Bxe3 34. fxe3 Qg5 35. Qf3 {Black must now prevent e4.} Rf7 {And now ...Bg6 would win.} 36. Nd5 (36. Rxd6 Bh3 37. Qa8+ (37. Rd8+ Kg7 $17) 37... Kg7 $11) (36. e4 $142 Be6 37. Qd3) 36... Be6 {[#]} 37. Qe2 {[%mdl 8192] [#]} ({Worse is} 37. Qg2 Bxd5 38. Qxd5 (38. Rxd5 $2 Qxe3+ 39. Kh2 Rf6 $19) 38... Qxg3+ 39. Bg2 (39. Qg2 $2 Qxe3+ 40. Kh2 Rf2 $19) 39... Qxe3+ 40. Kh1 Qh6+ 41. Kg1 Qe3+ 42. Kh2 Qf4+ 43. Kh1 Qh6+ 44. Kg1 Qe3+ $11) (37. Nf4 $1 $18 {was the only winning move.} exf4 38. exf4 (38. Rxd6 $2 fxe3 39. Qa8+ Kg7 $19) 38... Qc5+ 39. Qf2) 37... Bg4 $1 $19 38. Qe1 Bxd1 39. Qxd1 (39. e4 $142) 39... Qxg3+ 40. Bg2 Rf2 {[%csl Gf2][%cal Rg3g2] Black is clearly winning.} 41. Nf4 Qxe3 ({And not} 41... exf4 42. Qd4+ Kg8 43. Qd5+ Kh8 44. Qd4+ Kg8 45. Qd5+ Kf8 46. Qf5+ Ke8 47. Qe4+ Kd8 48. Qa8+ Kd7 49. Qb7+ Ke8 50. Qe4+ Kf8 51. Qf5+ Kg8 52. Qd5+ $11) 42. Nd5 Qg3 {Weighted Error Value: White=0.87/Black=0.35} 0-1

[Event "129th New Zealand Championship 2022"]
[Site "Christchurch"]
[Date "2022.01.05"]
[Round "4.5"]
[White "Metge, J. Nigel"]
[Black "Xie, Felix"]
[Result "0-1"]
[WhiteElo "1879"]
[BlackElo "2166"]
[Annotator "TA"]
[PlyCount "94"]
[EventDate "2022.01.02"]
[EventType "swiss"]
[EventCountry "NZL"]

{[%evp 26,94,27,16,73,28,36,25,68,74,102,80,80,89,87,81,208,195,213,215,222,222,360,364,316,127,220,196,216,215,213,127,209,201,207,212,220,192,254,172,174,132,128,0,0,0,0,0,0,0,0,0,0,0,0,0,0,0,0,-432,-839,-798,-631,-12837,-12838,-12844,-12844,-12845,-12845,-12844,-12843]} 1. e4 c6 2. d4 d5 3. exd5 cxd5 4. c4 Nc6 5. Nc3 Nf6 6. Nf3 Bg4 7. cxd5 Nxd5 8. Qb3 Bxf3 9. gxf3 e6 10. Qxb7 Nxd4 11. Bb5+ Nxb5 12. Qc6+ Ke7 13. Qxb5 Nxc3 14. bxc3 Qb6 {Inhibits Qb7+. B13: Caro-Kann: Exchange Variation and Panov-Botvinnik Attack.} (14... Qd5 $11 {remains equal.} 15. Qxd5 exd5) 15. Rb1 (15. Qa4 $16 {Ba3+ is the strong threat.} Qc7 16. O-O) 15... Qxb5 $11 16. Rxb5 Rd8 (16... a6 $11 {deserves consideration.} 17. Bg5+ f6 18. Rb7+ Kd6) 17. Be3 $14 {[#]} Ke8 $146 ({Predecessor:} 17... Rd7 18. Ke2 g6 19. Bc5+ Kf6 20. Bd4+ Rxd4 21. cxd4 Bh6 22. Rhb1 Rd8 23. R1b4 Bf8 {1-0 (38) Ivanchuk,V (2738)-Vachier Lagrave,M (2796) Leuven 2017}) 18. Bxa7 Ra8 19. Rb7 h5 20. a4 Rh6 (20... h4 $16) 21. a5 e5 22. Ke2 Rc6 23. Ra1 $1 Rxc3 (23... Bd6 $142 24. Bb6 Rb8 25. Rxb8+ Bxb8) 24. a6 $18 Bd6 25. Be3 (25. Bb6 $1 $18) 25... Rc7 (25... Bc7 $16 {was necessary.} 26. a7 Kd7) 26. Rb6 Kd7 27. a7 $1 Rc6 28. Rb7+ (28. Rxc6 $18 Kxc6 29. Ra6+ Kd7 30. Kd3) 28... Ke6 (28... Bc7 $16 {keeps fighting.} 29. Rab1 Kc8) 29. Kd3 g6 30. h4 f6 31. Ra4 f5 (31... Bc7 $142 32. Rc4 Rd8+ 33. Kc3 Kd7) 32. Ra1 {aiming for Rg1.} Bc7 33. Rab1 {Strongly threatening Rb8.} f4 {[#]} 34. Rb8 Bxb8 $11 35. axb8=Q Rxb8 36. Rxb8 {Hoping for Rb6.} fxe3 37. fxe3 {[%mdl 4096] Endgame KR-KR} Ra6 38. Rb4 Kf5 39. f4 e4+ 40. Kc3 (40. Rxe4 {is a self mate.} Ra3+ 41. Kd4 Ra4+ 42. Kd3 Rxe4 43. Kd2 Kg4 44. Ke2 Kg3 45. Kd2 Kf2 46. Kd3 Kf3 47. Kc2 Kxe3 48. Kc3 Ke2 49. Kb2 Kd2 50. f5 gxf5 51. Kb3 Rxh4 52. Kb2 Rh3 53. Ka1 Kc2 54. Ka2 f4 55. Ka1 Ra3#) 40... Ra3+ 41. Kd2 Ra2+ 42. Kc3 $2 {[%mdl 8192] [#]} (42. Ke1 $11) 42... Re2 $1 $19 {Black is clearly winning.} 43. Rb5+ Kg4 44. Rg5+ Kf3 45. Rxg6 Rxe3+ 46. Kd4 Rd3+ 47. Kc4 Rd8 {Quite a comeback for Black.  Weighted Error Value: White=0.68/Black=0.20 (precise)} 0-1

[Event "129th New Zealand Championship 2022"]
[Site "Christchurch"]
[Date "2022.01.05"]
[Round "4.6"]
[White "McNabb, Matthew David"]
[Black "Rains, Edward"]
[Result "1/2-1/2"]
[WhiteElo "2029"]
[BlackElo "2004"]
[Annotator "TA"]
[PlyCount "165"]
[EventDate "2022.01.02"]
[EventType "swiss"]
[EventCountry "NZL"]

{[%evp 9,165,7,0,-10,0,-5,-12,-15,-14,-4,-10,-3,0,-37,-26,-29,-40,-24,-33,-27,-25,-113,15,0,0,0,0,0,44,39,39,35,57,51,54,68,77,0,53,23,34,0,16,0,5,0,0,0,0,0,0,-6,0,0,0,0,8,0,0,0,12,-6,-5,-3,6,0,12,0,6,0,85,75,81,10,189,196,200,95,85,84,154,137,293,316,301,277,427,389,363,300,395,395,320,281,456,431,346,31,95,109,225,118,110,14,278,143,227,0,0,0,8,8,8,8,8,8,8,8,8,0,0,0,4562,1398,1344,1321,1270,971,788,8,8,8,8,8,8,8,8,8,8,0,8,8,8,8,8,8,8,0,8,0,0,0,0,0,0,0,0,0]} 1. Nf3 d5 2. c4 c6 3. e3 Nf6 4. Nc3 e6 5. b3 Bd6 6. Qc2 {A11: English Opening: 1...c6.} O-O 7. Bb2 e5 $1 {The main line 7...e5 scores better than 7...Nbd7.} 8. cxd5 cxd5 9. Nb5 Nc6 10. Nxd6 Qxd6 11. Rc1 Bg4 12. Qc5 Qe6 {[#]} 13. Be2 $146 ({Predecessor:} 13. Qb5 Rab8 14. h3 Bxf3 15. gxf3 Rfc8 16. Bg2 Ne8 17. f4 e4 18. Rg1 Nd6 19. Qa4 {½-½ (51) Van Wely,L (2610)-Van den Doel,E (2598) Amstelveen 2019}) 13... Rac8 14. Qa3 e4 15. Ng1 (15. Ng5 $11 Qf5 16. f3) 15... Ne5 (15... a5 $1 $17 {Hoping for ...Nb4.} 16. Bxf6 gxf6) 16. Bxe5 $11 Qxe5 17. Bxg4 Nxg4 18. h3 $1 Qh5 (18... Rxc1+ $11 19. Qxc1 Nf6) 19. Ne2 $1 $14 Ne5 20. Nf4 Nd3+ 21. Nxd3 exd3 {[%csl Gd3][%cal Rh5e2]} 22. O-O Rc2 23. Rcd1 (23. Qxa7 $16 Rxd2 24. Qa5) 23... Qe2 (23... a6 $11) 24. Qb4 b6 25. Rfe1 {[%cal Bf1e1,Be1e4,Be4d4,Bd4d7][%mdl 32]} Qh5 26. Qd4 Qf5 27. e4 dxe4 28. Rxe4 Rxa2 29. Qxd3 Qf6 30. Rd4 h6 31. Rd7 Qe6 32. Rc1 Qf6 33. Qd4 Qxd4 34. Rxd4 $11 {[%mdl 4096] Endgame KRR-KRR} Re8 35. Kf1 Rb2 36. b4 Ra2 37. f3 Ra4 38. Rcc4 Re5 39. Kf2 b5 (39... Re7 $11 {remains equal.}) 40. Rc8+ Kh7 41. Rc7 ({Better is} 41. Rd7 $1 $16) 41... a5 $2 (41... Rf5 $1 $11 {and Black has nothing to worry.}) 42. Rxf7 $18 Rxb4 43. Rxb4 (43. Rdd7 $1 $18 {and the rest is easy.}) 43... axb4 {KR-KR} 44. Rf4 Kg6 (44... Rd5 $142) 45. Rxb4 $16 Kf6 $2 (45... Rc5 $16 {was worth a try.} 46. Ke3 Re5+ 47. Re4 Rc5) 46. d4 $1 $18 Rd5 47. Ke3 $1 {Strongly threatening g4.} Ke6 (47... h5 $142 48. g4 hxg4) 48. Ke4 Kd6 49. Rb2 Kc6 50. Rc2+ Kd6 51. Rc8 {Black must now prevent Rd8+.} Rg5 $2 (51... Rh5 {is a better defense.} 52. Rg8 Rh4+ 53. Ke3 g5) 52. g4 $1 Kd7 {[#]} 53. Rc2 (53. f4 $1 $18 {[%mdl 512]} Rg6 54. Rb8) 53... Rg6 (53... b4 $1 $14) 54. Ra2 Rb6 (54... b4 $16) 55. Kd5 ({White has to play} 55. Ra7+ $18 Kd8 56. Rxg7) 55... b4 $16 56. Rb2 (56. f4 $1 $16) 56... Rf6 $2 {[%mdl 8192]} (56... Rd6+ $1 $11 {and Black stays safe.} 57. Kc5 Rc6+ 58. Kd5 Rd6+ 59. Kc5 Rc6+ 60. Kxb4 Kd6) 57. Rb3 (57. Rxb4 $18 {And now Rb7+ would win.} Rxf3 58. Rb7+ Ke8 59. h4 (59. Rxg7 Rxh3 60. Ke6 Re3+ 61. Kf5 Rd3 $16)) 57... g5 (57... h5 $16 58. h4 (58. gxh5 Rf5+ 59. Ke4 Rxh5 $16) (58. Rxb4 Rxf3 59. Rb7+ Ke8 $16) 58... hxg4 59. fxg4 Ke7 60. Rxb4 Rf4) 58. Rd3 $2 ({Not} 58. Rxb4 Rxf3 59. Rb7+ Ke8 $14) (58. Kc4 $18) 58... Rc6 $1 $11 59. Rb3 Rc3 60. Rxb4 Rxf3 61. Rb7+ Kc8 62. Rh7 Rxh3 63. Ke6 Re3+ 64. Kf5 Rf3+ 65. Kg6 Rf4 $2 {[%mdl 8192] [#]} (65... Rg3 $11) 66. Kh5 $1 $18 Rxd4 67. Rxh6 Kd8 68. Kxg5 Ke7 {[#]} 69. Ra6 $2 ({White must play} 69. Rg6 $1 $18 Kf8 70. Kh6) 69... Kf7 {The position is equal.} 70. Ra7+ Kg8 71. Kh5 Rd5+ 72. g5 Rd6 73. Ra8+ Kg7 74. Ra7+ Kg8 75. Rb7 $1 Rc6 76. Rd7 Rb6 77. Kg4 Rb5 78. Kh5 Rb6 79. g6 Rb1 80. Rd8+ Kg7 81. Rd7+ Kg8 82. Kh6 {[%cal Rd7d8]} Rh1+ 83. Kg5 {Weighted Error Value: White=0.32/Black=0.41} 1/2-1/2

[Event "129th New Zealand Championship 2022"]
[Site "Christchurch"]
[Date "2022.01.05"]
[Round "4.7"]
[White "Winter, Ryan"]
[Black "Tang, Hao"]
[Result "1/2-1/2"]
[WhiteElo "2006"]
[BlackElo "1838"]
[Annotator "TA"]
[PlyCount "143"]
[EventDate "2022.01.02"]
[EventType "swiss"]
[EventCountry "NZL"]

{[%evp 14,143,54,59,60,47,71,70,74,72,104,97,137,78,104,90,99,75,87,94,68,52,81,27,31,14,39,38,50,0,14,0,3,0,8,-28,-16,-26,-32,-57,-44,-103,-98,-103,-110,-122,-122,-173,-191,-258,-266,-525,-174,-149,-118,-186,-120,-221,-248,-308,-297,-706,-464,-681,-681,-664,-656,-625,-629,-1057,-1032,-1475,-1177,-1209,-675,-637,-634,-880,-764,-776,0,-609,-435,-504,0,-859,-842,-2209,-816,-711,-478,-462,-462,-431,-420,-771,-763,-704,-586,-692,-708,-639,85,77,582,406,584,580,29987,6021,1918,1918,966,45,45,-25,-25,-25,-25,-25,0,0,45,45,51,51,51,45,45,0,51,0]} 1. e4 c5 2. Nf3 d6 3. d4 cxd4 4. Nxd4 Nf6 5. Nc3 g6 6. Be3 Bg7 7. f3 a6 8. Qd2 h5 {B75: Sicilian Dragon: Yugoslav Attack, Miscellaneous.} 9. Be2 b5 10. O-O Bb7 11. a4 bxa4 12. Rxa4 Nbd7 {[#]} 13. Rb4 $146 {White is more active.} (13. Nb3 $142) ({Predecessor:} 13. Nb3 O-O 14. Na5 Qc7 15. Rfa1 Rfb8 16. Rc4 Qd8 17. Rb4 Qc7 18. Kh1 Bc6 19. Nxc6 Qxc6 {½-½ (36) Garcia Padron,J (2403)-Belezky,A (2370) Lanzarote 2018}) 13... Qc7 14. Nb3 {[%cal Bd4b3,Bb3a5,Ba5c4][%mdl 32]} O-O 15. Ra1 Ne5 {Inhibits Rc4.} 16. Na5 Rfb8 17. Kh1 Bc8 18. Rb3 (18. Rxb8 $1 $16 Rxb8 19. Ra2) 18... Nc6 19. Nc4 Rxb3 20. cxb3 Rb8 21. Ra3 (21. Nd5 $1 $14 Nxd5 22. exd5) 21... Nb4 22. h3 Nd7 23. Bg1 Nc5 24. Qd1 Be6 25. Ne3 Qc6 26. Bc4 Bxc4 $1 27. bxc4 (27. Nxc4 $15 Kf8 28. Na5) 27... Kf8 28. Ned5 Nbd3 29. b4 Nxb4 30. Qb1 (30. Na4 $17 {was necessary.} Nxa4 31. Rxa4 Qxc4 32. Qd2) 30... Qb7 31. Qc1 (31. g4 {is a better defense.}) 31... Nbd3 $19 32. Qg5 (32. Qd2) 32... Ne6 $2 (32... e6 33. Bh2 exd5 34. Bxd6+ Kg8 35. Nxd5 Qb1+ 36. Kh2 Bd4 37. Nf6+ Kg7 38. Nxh5+ Kh8 39. Rxd3 Nxd3 40. Bxb8 Qxb8+ 41. f4 gxh5 42. Qxh5+ Kg8 43. Qg5+ Bg7) 33. Qd2 Ne5 34. Ra4 (34. Qa2 $17) 34... Nc6 (34... Nc5 $19 35. Bxc5 dxc5) 35. Qa2 {[#]} (35. f4 $17 {was called for.}) 35... Nc5 $1 36. Bxc5 dxc5 37. Rxa6 $2 (37. Ra3) 37... Bxc3 38. Rb6 ({Don't play} 38. Nxc3 Nb4 39. Ra7 Nxa2) (38. Rxc6 $142 Qxc6 39. Nxc3) 38... Qxb6 $1 39. Nxb6 Rxb6 40. f4 Kg7 41. Qa8 Bd4 {Threatens to win with ...Rb1+.} 42. g3 Nb4 43. Qd8 Re6 44. e5 Nc2 {aiming for ...Ra6.} 45. Qa5 {To avoid Ra6} Ne3 46. Qb5 Nc2 $2 (46... g5 $19 47. Qb7 gxf4 48. gxf4 Rg6) 47. Kg2 $2 {[%mdl 8192]} (47. Qa5 $11 Ne3 48. Qd8) 47... Nb4 {And now ...Ra6 would win.} 48. Qd7 Nc2 $2 (48... Nd3 $19 49. Qb5 Ne1+ 50. Kh2 Nc2) 49. Qa4 $2 {[%mdl 8192] [#]} (49. Qb5 $11 Ne3+ 50. Kf3) 49... Rb6 $1 50. Qa7 (50. Qxc2 Rb2) 50... Ne3+ (50... Rb2 $142 51. Qa8 Ne1+ 52. Kf1 Nd3) 51. Kf3 Nxc4 52. Qxe7 Nd2+ 53. Ke2 Ne4 54. g4 (54. Kf3 $142 Nf2 55. Kg2) 54... hxg4 55. hxg4 c4 {White must now prevent ...Rb3.} 56. f5 gxf5 57. gxf5 {[#]} Bc5 $2 ({Black should try} 57... Rb5 $1 $19 58. Qh4 Rxe5) 58. Qh4 $16 {[%mdl 1024] White has strong compensation. Really sharp!} Rb2+ $2 {[%mdl 8192]} (58... Rb3 $16 {keeps some hope.}) 59. Kf3 $18 Nd2+ (59... c3 $142 60. Qg4+ Kh7 61. Qxe4 Rf2+ 62. Kg3 c2) 60. Kf4 Bf8 61. Qf6+ (61. f6+ $142 Kg8 62. Qg5+ Kh7 63. Qh5+ Kg8 64. e6 Bd6+ 65. Kg4 Rb7 66. Qd5) 61... Kg8 62. e6 Rb7 63. Ke3 $2 (63. Qg5+ $18 Kh8 64. Qh5+ Kg7 65. Qg4+ Kh7 66. exf7 Bh6+ 67. Kg3 Ne4+ 68. Qxe4 Rxf7 69. f6+ Kg8 70. Qxc4) 63... c3 $1 $14 64. Kd3 {To avoid Nc4} ({Better is} 64. Qg5+ $1 $14 Kh8 65. Qh4+ Kg8 66. Qg5+ Kh8 67. Qd8) 64... Nf3 $11 65. Qxc3 fxe6 66. fxe6 Re7 67. Qf6 Nh2 (67... Ne1+ $11 {is superior.} 68. Ke4 (68. Ke2 Ng2 $11) 68... Nc2) 68. Qh4 Rh7 69. Qg3+ Kh8 70. Qe5+ Kg8 71. Qg3+ Kh8 72. Qe5+ {Never resign too early!  Weighted Error Value: White=0.76/Black=0.41} (72. Ke4 $14) 1/2-1/2